The computer establishment

Guardat en:
Dades bibliogràfiques
Autor principal: Fishman, Katharine Davis
Format: Llibre
Idioma:Undetermined
Publicat: New York Harper & Row 1981
Matèries:
Etiquetes: Afegir etiqueta
Sense etiquetes, Sigues el primer a etiquetar aquest registre!
Thư viện lưu trữ: Trung tâm Học liệu Trường Đại học Cần Thơ
LEADER 00588nam a2200205Ia 4500
001 CTU_89203
008 210402s9999 xx 000 0 und d
082 |a 338.4 
082 |b F529 
100 |a Fishman, Katharine Davis 
245 4 |a The computer establishment 
245 0 |c Katharine Davis Fishman 
260 |a New York 
260 |b Harper & Row 
260 |c 1981 
650 |a Computer industry,International business machines corporation 
650 |x History,History 
650 |z United states 
904 |i Giang 
980 |a Trung tâm Học liệu Trường Đại học Cần Thơ